| 000 | 00416nam a2200169Ia 4500 | ||
|---|---|---|---|
| 005 | 20250423094902.0 | ||
| 008 | 250422s9999 xx 000 0 und d | ||
| 020 | _a9789787929926 | ||
| 050 | _aKP 84.5 I9/ | ||
| 100 | _aIwundu, Kennedy | ||
| 245 | 0 | _aContemporary Issues on Taxation in Nigeria | |
| 260 | _aNigeria | ||
| 260 | _bWoca Printing | ||
| 300 | _a227 p | ||
| 650 | _aTaxation--Nigeria. | ||
| 942 | _cBK | ||
| 999 |
_c28591 _d28591 |
||